Normal view
MARC view
- Law, Compendium of Tax Laws
Entry Topical Term
001 - CONTROL NUMBER
- control field: 126281
003 - CONTROL NUMBER IDENTIFIER
- control field: NUST
005 - DATE AND TIME OF LATEST TRANSACTION
- control field: 20241007160412.0
008 - FIXED-LENGTH DATA ELEMENTS
- fixed length control field: 241007|| aca||aabn | a|a d
040 ## - CATALOGING SOURCE
- Original cataloging agency: NUST
- Transcribing agency: NUST
150 ## - HEADING--TOPICAL TERM
- Topical term or geographic name entry element: Law, Compendium of Tax Laws
670 ## - SOURCE DATA FOUND
- Source citation: Work cat.: (NUST): Compendium of Tax Laws (Containing Bare Acts Only):, 2024.
